Statistiques concernant Nombres en espagnol

Cliquez ici pour prendre le quiz!

Statistiques générales

  • Ce quiz a été pris 1 259 fois
  • Le résultat moyen est 15 sur 20

Statistiques - réponses

EspagnolNombre% Correct
once11
90%
cincuenta50
86%
seis6
85%
cuarenta y uno41
83%
mil1000
82%
trece13
82%
treinta y siete37
82%
cincuenta y cinco55
82%
sesenta y tres63
82%
sesenta y cinco65
82%
ocho8
82%
ochenta y dos82
82%
treinta y dos32
81%
treinta y ocho38
81%
cuarenta y tres43
81%
ochenta y ocho88
81%
diecisiete17
80%
cuarenta y siete47
80%
cincuenta y ocho58
80%
setenta y seis76
80%
ochenta y cuatro84
80%
noventa y seis96
80%
veintidós22
79%
cuarenta y seis46
79%
cincuenta y cuatro54
79%
noventa y dos92
79%
diecinueve19
78%
cuarenta y nueve49
78%
setenta70
78%
ochenta y uno81
78%
uno1
77%
diez10
77%
cien100
77%
quatrocientos400
77%
cincuenta y tres53
77%
nueve9
77%
novecientos900
77%
treinta y tres33
76%
siete mil7000
76%
ochenta y tres83
76%
quince15
75%
veintiséis26
75%
veintiocho28
75%
cuarenta40
75%
cuarenta y dos42
75%
setenta y cinco75
75%
dieciséis16
74%
dos2
74%
veinticinco25
74%
cincuenta y uno51
74%
cincuenta y dos52
74%
cincuenta y seis56
74%
cincuenta y nueve59
74%
siete7
74%
ochenta80
74%
treinta y uno31
73%
cinco5
73%
cinco mil5000
73%
setenta y ocho78
73%
ocho mil8000
73%
noventa y cinco95
73%
noventa y nueve99
73%
diez mil10000
72%
catorce14
72%
treinta y nueve39
72%
cuarenta y cuatro44
72%
ochenta y nueve89
72%
veinte20
71%
treinta y seis36
71%
sesenta y seis66
71%
setenta y dos72
71%
noventa90
71%
nueve mil9000
71%
doce12
70%
dieciocho18
70%
dos mil2000
70%
treinta y cuatro34
70%
treinta y cinco35
70%
cuatro mil4000
70%
cuarenta y cinco45
70%
sesenta y dos62
70%
veintiuno21
69%
veinticuatro24
69%
veintinueve29
69%
setenta y cuatro74
69%
ochenta y siete87
69%
noventa y cuatro94
69%
noventa y ocho98
69%
tres3
68%
cuatro4
68%
cincuenta y siete57
68%
sesenta60
68%
seiscientos600
68%
setenta y nueve79
68%
ochenta y cinco85
68%
noventa y uno91
68%
tres mil3000
67%
seis mil6000
67%
setenta y uno71
67%
setenta y siete77
67%
sesenta y ocho68
66%
noventa y tres93
66%
treinta30
65%
trescientos300
65%
setecientos700
65%
cuarenta y ocho48
64%
quinientos500
64%
veintisiete27
63%
ochenta y seis86
63%
veintitrés23
62%
sesenta y cuatro64
62%
ochocientos800
62%
sesenta y uno61
60%
sesenta y nueve69
60%
sesenta y siete67
58%
setenta y tres73
56%
doscientos200
54%
noventa y siete97
52%

Distribution des résultats

Percentile par nombre de réponses

% des personnes avec chaque résultat

Votre développement - résultats

Vous n’avez pas pris ce quiz